Философские тетради В. И. Ленина. Историко-философский аспект

Bibliografiske detaljer
Hovedforfatter: Савельев Ю. К. Юрий Константинович
Summary:Исключено из фонда НТБ ТПУ
Sprog:russisk
Udgivet: Киев, Выща школа, 1989
Format: MixedMaterials Bog
KOHA link:https://koha.lib.tpu.ru/cgi-bin/koha/opac-detail.pl?biblionumber=251988

MARC

LEADER 00000nam0a2200000 4500
001 251988
005 20231031213659.0
010 |a 5110004331 
020 |a RU  |b 89-31050 
035 |a (RuTPU)RU\TPU\book\274303 
090 |a 251988 
100 |a 20140226d1989 k y0rusy5003 ca 
101 0 |a rus 
102 |a UA 
105 |a y z 001zb 
200 1 |a Философские тетради В. И. Ленина. Историко-философский аспект  |f Ю. К. Савельев 
210 |a Киев  |c Выща школа  |d 1989 
215 |a 141,[2] с. 
333 |a Исключено из фонда НТБ ТПУ 
700 1 |a Савельев  |b Ю. К.  |g Юрий Константинович 
801 0 |a RU  |b RuMRKP  |c 19950417  |g psbo 
801 1 |a RU  |b 63413507  |c 20140226 
801 2 |a RU  |b 63413507  |c 20220311  |g RCR 
942 |c BK